Asuntos pb︢licos Lobby y diplomacia corporativa /

Detalles Bibliográficos
Autor principal: Herrero, Julio Cšar
Otros Autores: Maran̨̤, Luis
Formato: eBook
Lenguaje:español
Publicado: Madrid: Dykinson, 2022
Materias:
Acceso en línea:Acceso restringido

MARC

LEADER 00000nam a22000007a 4500
005 2022071901511.0
007 cr|||| ||||
008 220719s2022 es |||||s|||| 00||0 spa d
020 |a 978-84-1122-086-6 
035 |a 36461 
040 |a vLex 
090 |c 13593  |d 13593 
100 1 |a Herrero, Julio Cšar 
245 1 0 |a  Asuntos pb︢licos  |h [Recurso electrn̤ico] :  |b Lobby y diplomacia corporativa /  |c Julio Cšar Herrero, Luis Maran̨̤ 
256 |a Servicio en ln̕ea 
260 |a Madrid:  |b Dykinson,  |c 2022 
300 |a 1 recurso electrn̤ico 
500 |a El ejercicio profesional de los asuntos pb︢licos, el lobby y la diplomacia corporativa se basa en alcanzar objetivos de influencia. Nos encontramos ante una pauta de accin̤ legt̕ima para todas aquellas organizaciones que pretenden incorporar intereses y valores en las dinm̀icas ciudadanas, el debate social y las actuaciones polt̕icas, institucionales y regulatorias. En consecuencia, los procesos de incidencia en el espacio pb︢lico estǹ protagonizados por actores diversos y numerosos, y sus resultados afectan a todas las facetas de nuestra vida. El espacio donde se construyen las decisiones es un territorio de accin̤ dinm̀ico y heterogňeo. En ľ acta︢n empresas, organizaciones sociales, instituciones, partidos polt̕icos, asociaciones y colectivos ciudadanos. Partiendo de esta concepcin̤ amplia, el libro ofrece una visin̤ integral de la disciplina que pone especial ňfasis en su orientacin̤ estratǧica. A travš de los diez capt̕ulos que lo componen, los autores recorren las r̀eas de actuacin̤ en asuntos pb︢licos: el lobby, las relaciones institucionales, la movilizacin̤ social y la diplomacia corporativa. Adems̀, se incluyen contenidos que ofrecen una aportacin̤ metodolg̤ica esencial, como el anl̀isis de inteligencia polt̕ica y econm̤ica y la comunicacin̤ pb︢lica. En definitiva, la obra que tiene en sus manos est ̀concebida para aportar valor tanto a los profesionales de los asuntos pb︢licos como a aquellas personas interesadas en acercarse a esta disciplina. 
506 1 |a Disponible solo en los productos indicados  |d vLex Global  |d vLex Global (Academic Edition, excluding Law Schools)  |d vLex Global (U.S. Academic Edition, Law Schools)  |d vLex Global (U.S. Academic Edition, excluding Law Schools)  |d vLex Global (Academic Edition, Law Schools) 
650 0 4 |a Derecho Constitucional  |z Espaą 
650 0 4 |a Ciencias sociales  |z Espaą 
700 1 |a Maran̨̤, Luis 
740 0 |a vLex Libros (Servicio en ln̕ea) 
856 4 0 |u https://app.vlex.com/#/sources/36461  |z Acceso restringido 
942 |c BOOK 
999 0 |a Constitutional Law 
999 0 |a Social Sciences